000 00653nam a2200241 i 4500
001 C2-0148280
003 PPAK
005 20180727131505.0
008 980319s1981 enka|||| ||||| | eng d
020 _a0222008237
040 _aPPAK
_beng
_cPPAK
_erda
082 0 4 _a591.51
_223
090 0 0 _a591.51
_bCOL
_dR
100 1 _aColombo, Federica,
_eauthor
245 1 0 _aAnimal society
264 1 _aLondon :
_bBurker Books ,
_c1981
300 _a89 pages :
_bcolour illustrations ;
_c27 cm
336 _2rdacontent
_atext
337 _2rdamedia
_aunmediated
338 _2rdacarrier
_avolume
650 1 0 _aSocial behavior in animals
942 _ddc
_cB
999 _c46900
_d46900